| 000 | 00396nam a22001457a 4500 | ||
|---|---|---|---|
| 003 | MACL | ||
| 005 | 20200805132606.0 | ||
| 008 | 200805b xxu||||| |||| 00| 0 eng d | ||
| 040 | _cMACL | ||
| 100 |
_aArora,Monika _979276 |
||
| 245 | _aA Book of Proverbs A Perfect Reference Companion | ||
| 260 |
_aGuwahati _bKritika Marketing and Publishing _c2018 |
||
| 650 |
_aGrammer _979277 |
||
| 942 |
_2ddc _cBK |
||
| 999 |
_c62853 _d62853 |
||